000 00863nam a2200253Ia 4500
003 OSt
005 20220923212248.0
006 a|||||r|||| 00| 0
007 ta
008 220922b |||||||| |||| 00| 0 hin d
024 _a151,871
037 _cTextual
040 _aARTS
_cARTS
_bhin
041 _2hin
_ahin
082 _aDelta2y7M63x, 152H9;L2
100 _aविवेकानन्द
245 0 _aस्वाधीन भारत जय हो
246 _aSvādhīn bhārat jaya ho
260 _aनागपूर
_b श्री रामकुष्ण आश्रम
_c1972
300 _a115 पृ.
_ccm.
650 _aआध्यात्मिक अनुभव और रहस्यवाद
942 _hDelta2y7M63x, 152H9;L2
_cTEXL
_2CC
999 _c307544
_d307544